000 00302nam a22001337a 4500
008 171107b xxu||||| |||| 00| 0 eng d
020 _a0256014450
041 _aeng
080 _a721.053
100 _a62
101 _aAUD
245 _aAUDITING THEORY AND PRACTICE
_cHERMANSON,R.H
942 _2udc
_cBK
999 _c38156
_d38156